Versailles, (Record no. 6897)
[ view plain ]
| 000 -LEADER | |
|---|---|
| fixed length control field | 00686cam a22002411 4500 |
| 001 - CONTROL NUMBER | |
| control field | af 49001234 |
| 003 - CONTROL NUMBER IDENTIFIER | |
| control field | DLC |
| 005 - DATE AND TIME OF LATEST TRANSACTION | |
| control field | 20260227110919.0 |
| 008 - FIXED-LENGTH DATA ELEMENTS--GENERAL INFORMATION | |
| fixed length control field | 801204s1941 gw b 000 0 ger |
| 010 ## - LIBRARY OF CONGRESS CONTROL NUMBER | |
| LC control number | af 49001234 |
| 035 ## - SYSTEM CONTROL NUMBER | |
| System control number | (OCoLC)6996075 |
| 040 ## - CATALOGING SOURCE | |
| Original cataloging agency | DLC |
| Transcribing agency | NAlf |
| Modifying agency | OCoLC |
| -- | DLC |
| 042 ## - AUTHENTICATION CODE | |
| Authentication code | premarc |
| 043 ## - GEOGRAPHIC AREA CODE | |
| Geographic area code | e-gx--- |
| 050 00 - LIBRARY OF CONGRESS CALL NUMBER | |
| Classification number | D643.A7 |
| Item number | Z5 1941 |
| 082 ## - DEWEY DECIMAL CLASSIFICATION NUMBER | |
| Classification number | 940.3141 |
| 100 1# - MAIN ENTRY--PERSONAL NAME | |
| Personal name | Ziegler, Wilhelm, |
| Dates associated with a name | 1891- |
| 245 10 - TITLE STATEMENT | |
| Title | Versailles, |
| Remainder of title | die Geschichte eines missglückten Friedens. |
| 260 ## - PUBLICATION, DISTRIBUTION, ETC. | |
| Place of publication, distribution, etc. | Hamburg, |
| Name of publisher, distributor, etc. | Hanseatische Verlagsanstalt |
| Date of publication, distribution, etc. | [c1941] |
| 300 ## - PHYSICAL DESCRIPTION | |
| Extent | 273 p. |
| Dimensions | 24 cm. |
| 504 ## - BIBLIOGRAPHY, ETC. NOTE | |
| Bibliography, etc. note | "Literaturverzeichnis": p. 272-273. |
| 630 00 - SUBJECT ADDED ENTRY--UNIFORM TITLE | |
| Uniform title | Treaty of Versailles |
| Date of treaty signing | (1919) |
No items available.